Lanthanoide und Actinoide - Statistiken

Allgemein
  • Dieses Quiz wurde 117 mal gespielt
  • Das Durchschnittsergebnis liegt bei 18 aus 30
Antwortstatistiken
Ordnungszahl Element % Korrekt
92 Uran
88%
63 Europium
79%
57 Lahnthan
79%
99 Einsteinium
76%
94 Plutonium
76%
89 Actinium
73%
98 Californium
70%
60 Neodym
70%
70 Ytterbium
70%
58 Cer
67%
59 Praseodym
67%
95 Americium
64%
68 Erbium
64%
64 Gadolinium
64%
93 Neptunium
64%
62 Samarium
64%
65 Terbium
64%
61 Promethium
61%
66 Dysprosium
58%
103 Lawrencium
58%
71 Lutetium
58%
67 Holmium
55%
90 Thorium
55%
101 Mendelevium
52%
69 Thulium
48%
97 Berkelium
42%
96 Curium
42%
102 Nobelium
42%
91 Protactinium
42%
100 Fermium
39%
Keine übereinstimmenden Quizze gefunden
Verteilung der Resultate
Anzahl Personen mit jedem Resultat
Perzentil nach korrekt beantworteten Fragen
Ihre Resultats-Entwicklung
Sie haben dieses Quiz noch nicht gespielt